Estilos de vida y conducta alimentaria del adolescente

I tiakina i:
Ngā taipitopito rārangi puna kōrero
Kaituhi matua: Andrade Santibáñez, Margarita (Author)
Hōputu: Pukapuka
Reo:Pāniora
I whakaputaina: Santiago Ministerio de Educación 1998
Ngā marau:
Ngā Tūtohu: Tāpirihia he Tūtohu
Kāore He Tūtohu, Me noho koe te mea tuatahi ki te tūtohu i tēnei pūkete!

MARC

LEADER 00000nam a2200000 a 4500
001 UCP0647
003 CL-VaPUC
008 990319e19980000CL |||||||||||||||||spa|d
082 0 4 |a 372.37  |b AND  |2 21 
100 0 |a Andrade Santibáñez, Margarita  |e author  |9 426077 
245 1 0 |a Estilos de vida y conducta alimentaria del adolescente 
300 |a 139 p 
942 |c BK 
945 |d 19990319 00:00:00  |a rbrito 
260 |a Santiago  |b Ministerio de Educación  |c 1998 
650 0 |a Enseñanza de las ciencias  |9 331919 
650 0 |a Métodos de enseñanza  |9 270413 
650 0 |a Reforma educacional   |9 256319 
650 7 |a DIETA ALIMENTICIA  |2 CL-VaPUC  |9 393837 
650 0 |a Alimentación  |9 334197 
583 |a last modification  |c 19990319 00:00:00  |k Rodrigo Vera 
999 |c 279408  |d 279406 
952 |0 0  |1 0  |4 0  |6 372_370000000000000_AND_1998  |7 0  |8 A  |9 318645  |a BIBEDU  |b BIBEDU  |d 2019-11-20  |i 350445K  |o 372.37 AND 1998  |p 350445K  |r 2019-11-20  |w 2019-11-20  |y BK  |k EDU